<?xml version="1.0" encoding="UTF-8"?>
<collection xmlns="http://www.loc.gov/MARC21/slim">
 <record>
  <leader>00480pamaa2200157   4500</leader>
  <controlfield tag="001">0000032840</controlfield>
  <controlfield tag="005">20060913090000.0</controlfield>
  <datafield tag="020" ind1="0" ind2="0">
   <subfield code="a">0538722991 </subfield>
  </datafield>
  <datafield tag="082" ind1=" " ind2=" ">
   <subfield code="a">420 MIL 2000</subfield>
  </datafield>
  <datafield tag="090" ind1="0" ind2="0">
   <subfield code="a">PE1128.A2 </subfield>
   <subfield code="b">MIL 2000</subfield>
  </datafield>
  <datafield tag="100" ind1="1" ind2="0">
   <subfield code="a">MILLER </subfield>
  </datafield>
  <datafield tag="245" ind1="0" ind2="4">
   <subfield code="a">The basic english  </subfield>
   <subfield code="c">Michele Goulet Miller and Clarice Pennebaker Brantly.</subfield>
  </datafield>
  <datafield tag="260" ind1="0" ind2="0">
   <subfield code="a">Australia: </subfield>
   <subfield code="b">South-Western/Thomson Learning, </subfield>
   <subfield code="c">2000.</subfield>
  </datafield>
  <datafield tag="300" ind1=" " ind2=" ">
   <subfield code="a">viii, 248p.; </subfield>
   <subfield code="c">28cm.</subfield>
  </datafield>
  <datafield tag="650" ind1="0" ind2="0">
   <subfield code="a">Language -- </subfield>
   <subfield code="x">English </subfield>
  </datafield>
  <datafield tag="700" ind1="1" ind2="1">
   <subfield code="a">BRANTLEY, </subfield>
   <subfield code="h">Clarice Pennebaker </subfield>
  </datafield>
 </record>
</collection>
